000 00197nam a2200085 4500
001 1231377
005 20250918110213.0
245 _aTOZKOPARAN İSKENDER ÇÖL ASLANI
_cTRT
260 _bYEDİVEREN ÇOCUK
999 _c1231377
_d1231377